| 000 | 00606nam a2200205Ia 4500 | ||
|---|---|---|---|
| 008 | 210303s9999 xx 000 0 und d | ||
| 016 | _2retro2022 | ||
| 020 | _a041247770x | ||
| 040 |
_aNLN _bEnglish _eAACR2 |
||
| 050 |
_aTK7871.85 _b.M696 |
||
| 082 | _a621.38152 | ||
| 100 |
_aMOGLESTUE, C. _eaut _924421 |
||
| 245 | 0 |
_aMonte carlo simulation of semiconductor devices / _cC. Moglestue |
|
| 260 |
_aLondon, U. K. : _bChapman and Hall, _c1993 |
||
| 300 |
_aviii, 326p. : _bill. ; 24cm. |
||
| 500 | _aBibliography : p. 300-310 | ||
| 563 | _a(cased) | ||
| 650 |
_aSemiconductors _924422 |
||
| 942 |
_n0 _cBK |
||
| 999 |
_c12155 _d12155 |
||